[Event "SVK-chT2D 1516"]
[Site "Slovakia"]
[Date "2015.12.06"]
[Round "6.6"]
[White "Dudasko, Stefan"]
[Black "Panko, Eduard"]
[Result "0-1"]
[WhiteElo "1792"]
[BlackElo "1956"]
[PlyCount "78"]
[EventDate "2015.10.17"]
[EventType "team-tourn"]
[EventRounds "11"]
[EventCountry "SVK"]
[SourceTitle "CBM 170 Extra"]
[Source "ChessBase"]
[SourceDate "2016.02.25"]
[SourceVersion "1"]
[SourceVersionDate "2016.02.25"]
[SourceQuality "1"]
[WhiteTeam "Spisska Stara Ves"]
[BlackTeam "Bardejov II"]
[WhiteTeamCountry "SVK"]
[BlackTeamCountry "SVK"]

1. e4 d6 2. d4 Nf6 3. Nc3 c6 4. f4 Qa5 5. Bd3 e5 6. dxe5 dxe5 7. Nf3 Nbd7 8. 0-0 Qc7 9. Kh1 b5 10. Qe2 Bd6 11. f5 Bb7 12. Bg5 h6 13. Bh4 a6 14. Rac1 c5 15. Bxf6 Nxf6 16. Qe1 c4 17. Be2 Nxe4 18. Nxe4 Bxe4 19. Nd2 Bb7 20. Bf3 Bxf3 21. Nxf3 f6 22. Qe4 0-0 23. Rcd1 Rad8 24. Nh4 Bc5 25. Rd5 Rxd5 26. Qxd5+ Kh7 27. Rd1 Re8 28. Nf3 e4 29. Re1 e3 30. Qd1 Qc6 31. Nd4 Qe4 32. c3 Bxd4 33. Qxd4 Qxf5 34. Qd1 Qd3 35. Qh5 Re5 36. Qe2 f5 37. h3 Qxe2 38. Rxe2 f4 39. g3 f3 0-1

[Event "SVK-chT2D 1516"]
[Site "Slovakia"]
[Date "2015.12.05"]
[Round "5.5"]
[White "Dudasko, Stefan"]
[Black "Sestak, Dusan"]
[Result "1-0"]
[WhiteElo "1792"]
[BlackElo "1737"]
[PlyCount "63"]
[EventDate "2015.10.17"]
[EventType "team-tourn"]
[EventRounds "11"]
[EventCountry "SVK"]
[SourceTitle "CBM 170 Extra"]
[Source "ChessBase"]
[SourceDate "2016.02.25"]
[SourceVersion "1"]
[SourceVersionDate "2016.02.25"]
[SourceQuality "1"]
[WhiteTeam "Spisska Stara Ves"]
[BlackTeam "Stara Lubovna SO II"]
[WhiteTeamCountry "SVK"]
[BlackTeamCountry "SVK"]

1. e4 e5 2. Nf3 Nc6 3. d4 exd4 4. Nxd4 Bc5 5. Be3 Qf6 6. c3 Nge7 7. Bc4 0-0 8. a4 Ne5 9. Be2 d5 10. f4 N5c6 11. e5 Qh6 12. Qd2 Bxd4 13. Bxd4 Nf5 14. 0-0 Be6 15. Bc5 Rfd8 16. g4 Nfe7 17. Be3 Qh3 18. f5 d4 19. fxe6 dxe3 20. exf7+ Kf8 21. Qc2 Nxe5 22. Qe4 N5g6 23. Rf3 Qh6 24. Na3 Rd2 25. Rxe3 Rad8 26. Nc4 R2d7 27. Rf1 Qg5 28. Rf5 Qh4 29. Rh5 Qe1+ 30. Bf1 Qc1 31. Rxh7 Qd1 32. Rh8+ 1-0

[Event "SVK-chT2D 1516"]
[Site "Slovakia"]
[Date "2015.10.18"]
[Round "2.7"]
[White "Nadzamova, Sofia"]
[Black "Dudasko, Stefan"]
[Result "1-0"]
[WhiteElo "1808"]
[BlackElo "1792"]
[PlyCount "85"]
[EventDate "2015.10.17"]
[EventType "team-tourn"]
[EventRounds "11"]
[EventCountry "SVK"]
[SourceTitle "CBM 169 Extra"]
[Source "ChessBase"]
[SourceDate "2015.12.18"]
[SourceVersion "1"]
[SourceVersionDate "2015.12.18"]
[SourceQuality "1"]
[WhiteTeam "Kosice Slavia IV"]
[BlackTeam "Spisska Stara Ves"]
[WhiteTeamCountry "SVK"]
[BlackTeamCountry "SVK"]

1. e4 c5 2. c3 d6 3. d4 cxd4 4. cxd4 Nc6 5. Nc3 g6 6. d5 Nb8 7. Nf3 Nf6 8. Bb5+ Bd7 9. 0-0 Bg7 10. Qe2 0-0 11. Be3 a6 12. Bd3 Bg4 13. h3 Bxf3 14. Qxf3 Nbd7 15. Qe2 Rc8 16. Rac1 Nc5 17. Rc2 Nfd7 18. f4 Nxd3 19. Qxd3 Nc5 20. Bxc5 Rxc5 21. b4 Rc8 22. a3 Qb6+ 23. Kh1 Bxc3 24. Rxc3 Rc7 25. Rfc1 Rfc8 26. e5 dxe5 27. fxe5 a5 28. Rxc7 Rxc7 29. Rxc7 Qxc7 30. d6 exd6 31. exd6 Qc1+ 32. Kh2 Qf4+ 33. g3 Qf2+ 34. Kh1 Qe1+ 35. Kg2 Qe8 36. d7 Qd8 37. bxa5 Kg7 38. Qd5 Kf6 39. Qd6+ Kg7 40. a6 bxa6 41. Qc6 Qe7 42. Kf2 Qg5 43. Qc3+ 1-0

[Event "SVK-chT U20"]
[Site "Stara Lubovna"]
[Date "2015.05.03"]
[Round "4.3"]
[White "Dudasko, Stefan"]
[Black "Matis, Tibor"]
[Result "1/2-1/2"]
[WhiteElo "1703"]
[BlackElo "1617"]
[PlyCount "86"]
[EventDate "2015.05.01"]
[EventType "team-tourn"]
[EventRounds "5"]
[EventCountry "SVK"]
[SourceTitle "EXT 2016"]
[Source "ChessBase"]
[SourceDate "2015.10.08"]
[SourceVersion "1"]
[SourceVersionDate "2015.10.08"]
[SourceQuality "1"]
[WhiteTeam "Lendak"]
[BlackTeam "Dunajska Streda"]
[WhiteTeamCountry "SVK"]
[BlackTeamCountry "SVK"]

1. e4 c5 2. Nf3 e6 3. d4 cxd4 4. Nxd4 Nc6 5. Nc3 Nf6 6. Nxc6 bxc6 7. Bd3 Be7 8. 0-0 Qc7 9. Re1 e5 10. Qe2 0-0 11. Bg5 Bb7 12. Rad1 Rad8 13. h3 h6 14. Bh4 Kh8 15. Qe3 Ng8 16. Bg3 a5 17. Na4 Nf6 18. f4 Nh5 19. fxe5 Nxg3 20. Qxg3 f6 21. Rf1 fxe5 22. Qg6 Qd6 23. Qxd6 Bxd6 24. Rxf8+ Rxf8 25. Ba6 Bxa6 26. Rxd6 Rf1+ 27. Kh2 Rf7 28. Nb6 Rf2 29. Nxd7 Rxc2 30. Nxe5 Rxb2 31. Kg1 Rxa2 32. Nxc6 Bb7 33. e5 Bxc6 34. Rxc6 Kg8 35. e6 Kf8 36. Rc8+ Ke7 37. Rc7+ Kxe6 38. Rxg7 Kf6 39. Ra7 a4 40. Ra6+ Kg5 41. Kh2 Ra1 42. Ra5+ Kf4 43. Ra6 Kg5 1/2-1/2

[Event "SVK-chT U20"]
[Site "Stara Lubovna"]
[Date "2015.05.02"]
[Round "3.3"]
[White "Pavlik, Milan"]
[Black "Dudasko, Stefan"]
[Result "1-0"]
[WhiteElo "2015"]
[BlackElo "1703"]
[PlyCount "101"]
[EventDate "2015.05.01"]
[EventType "team-tourn"]
[EventRounds "5"]
[EventCountry "SVK"]
[SourceTitle "EXT 2016"]
[Source "ChessBase"]
[SourceDate "2015.10.08"]
[SourceVersion "1"]
[SourceVersionDate "2015.10.08"]
[SourceQuality "1"]
[WhiteTeam "Sabinov"]
[BlackTeam "Lendak"]
[WhiteTeamCountry "SVK"]
[BlackTeamCountry "SVK"]

1. d4 Nf6 2. c4 e5 3. dxe5 Ng4 4. Qd4 d6 5. exd6 Bxd6 6. Nf3 0-0 7. Bg5 Nc6 8. Bxd8 Nxd4 9. Nxd4 Rxd8 10. Nf3 Bf5 11. Nc3 Ne5 12. Nxe5 Bxe5 13. Rd1 Rxd1+ 14. Kxd1 Rd8+ 15. Kc1 Kf8 16. g3 c6 17. e3 Bxc3 18. bxc3 Be4 19. Rg1 Bf3 20. Bg2 Be2 21. c5 Ke7 22. Re1 Bc4 23. a3 Bb3 24. Be4 g6 25. Bc2 Bxc2 26. Kxc2 Ke6 27. e4 g5 28. f4 gxf4 29. gxf4 Rg8 30. Kd3 b6 31. cxb6 axb6 32. Rb1 b5 33. c4 Ra8 34. Rb3 bxc4+ 35. Kxc4 f5 36. exf5+ Kxf5 37. Kc5 Kxf4 38. Kxc6 Ke5 39. Rh3 Ke6 40. Kb5 Kd5 41. Rh5+ Kd6 42. a4 Rb8+ 43. Kc4 Rb7 44. Rh6+ Ke5 45. a5 Ra7 46. Kb5 Kf5 47. Kb6 Re7 48. a6 Kg5 49. Rc6 Kg4 50. a7 Re8 51. Rh6 1-0

[Event "SVK-chT U20"]
[Site "Stara Lubovna"]
[Date "2015.05.01"]
[Round "1.3"]
[White "Popovic, Martin"]
[Black "Dudasko, Stefan"]
[Result "1/2-1/2"]
[WhiteElo "1517"]
[BlackElo "1703"]
[PlyCount "94"]
[EventDate "2015.05.01"]
[EventType "team-tourn"]
[EventRounds "5"]
[EventCountry "SVK"]
[SourceTitle "EXT 2016"]
[Source "ChessBase"]
[SourceDate "2015.10.08"]
[SourceVersion "1"]
[SourceVersionDate "2015.10.08"]
[SourceQuality "1"]
[WhiteTeam "Kosice Slavia"]
[BlackTeam "Lendak"]
[WhiteTeamCountry "SVK"]
[BlackTeamCountry "SVK"]

1. e4 c5 2. Nf3 Nc6 3. d4 cxd4 4. Nxd4 Nf6 5. Nc3 g6 6. Be3 Bg7 7. f3 0-0 8. Qd2 d5 9. 0-0-0 dxe4 10. fxe4 Ng4 11. Nxc6 Qxd2+ 12. Kxd2 bxc6 13. Bd3 Bxc3+ 14. bxc3 Nxe3 15. Kxe3 Be6 16. a3 Rfd8 17. Ba6 c5 18. Bb7 Rab8 19. Bd5 Bxd5 20. Rxd5 Rxd5 21. exd5 Rb2 22. Kd3 Kf8 23. Re1 c4+ 24. Kxc4 Rxc2 25. Rg1 Ke8 26. Kb3 Rd2 27. c4 Kd7 28. Kb4 Kd6 29. h3 Rb2+ 30. Kc3 Rf2 31. Kb4 e6 32. dxe6 Kxe6 33. c5 Kd5 34. Rd1+ Kc6 35. Rd6+ Kc7 36. Ra6 Kb7 37. Rd6 Kc7 38. g4 Rf4+ 39. Kb5 Rf3 40. Ra6 Kb7 41. c6+ Kb8 42. Kc5 Rxh3 43. Kd6 Rd3+ 44. Ke7 Rf3 45. Kd6 Rd3+ 46. Kc5 Rc3+ 47. Kd6 Rd3+ 1/2-1/2

[Event "SVK-ch U18"]
[Site "Tatralandia"]
[Date "2015.04.25"]
[Round "9"]
[White "Dudasko, Stefan"]
[Black "Koval, Jakub"]
[Result "0-1"]
[WhiteElo "1731"]
[BlackElo "1859"]
[PlyCount "88"]
[EventDate "2015.04.18"]
[EventType "swiss"]
[EventRounds "9"]
[EventCountry "SVK"]
[SourceTitle "CBM 166 Extra"]
[Source "ChessBase"]
[SourceDate "2015.06.18"]
[SourceVersion "1"]
[SourceVersionDate "2015.06.18"]
[SourceQuality "1"]

1. e4 g6 2. d4 Bg7 3. Nc3 b6 4. Nf3 Bb7 5. Be3 e6 6. Qd2 Ne7 7. 0-0-0 d5 8. e5 h6 9. g4 Nd7 10. Be2 a6 11. Ne1 c5 12. f4 c4 13. h4 b5 14. a3 Bc6 15. h5 a5 16. Nb1 Qb6 17. c3 b4 18. cxb4 Ba4 19. Nc2 Nc6 20. Rdg1 Bxc2 21. bxa5 Qb3 22. Nc3 Bd3 23. Bxd3 cxd3 24. hxg6 fxg6 25. Qxd3 Nf8 26. f5 Rb8 27. Qc2 Qxc2+ 28. Kxc2 Bxe5 29. dxe5 d4 30. Bxd4 Nxd4+ 31. Kb1 exf5 32. gxf5 Nxf5 33. b4 Kf7 34. Rd1 Ne3 35. Rde1 Nc4 36. Ka2 Ne6 37. Rhf1+ Kg7 38. Rf6 Rbe8 39. Kb3 Nxe5 40. Nd5 Nd4+ 41. Ka4 Nd3 42. Rb1 Re1 43. Rb3 Nxb3 44. Kxb3 Rd8 0-1

[Event "SVK-ch U18"]
[Site "Tatralandia"]
[Date "2015.04.21"]
[Round "5"]
[White "Druska, Robert"]
[Black "Dudasko, Stefan"]
[Result "1-0"]
[WhiteElo "2013"]
[BlackElo "1731"]
[PlyCount "87"]
[EventDate "2015.04.18"]
[EventType "swiss"]
[EventRounds "9"]
[EventCountry "SVK"]
[SourceTitle "CBM 166 Extra"]
[Source "ChessBase"]
[SourceDate "2015.06.18"]
[SourceVersion "1"]
[SourceVersionDate "2015.06.18"]
[SourceQuality "1"]

1. d4 b6 2. Nf3 Bb7 3. Bf4 e6 4. e3 Nf6 5. Bd3 c5 6. c3 Nc6 7. Nbd2 cxd4 8. exd4 Be7 9. 0-0 0-0 10. Qc2 d5 11. Rae1 Rc8 12. Qb1 Re8 13. Re3 g6 14. Ne5 Nxe5 15. dxe5 Nh5 16. Bh6 Bg5 17. Bxg5 Qxg5 18. Nf3 Qd8 19. Nd4 a6 20. Qc1 Qg5 21. Bc2 Rc7 22. f4 Qe7 23. Rh3 f6 24. g4 Ng7 25. Qe3 f5 26. g5 Rec8 27. Qe1 b5 28. a3 Rc4 29. Bd3 R4c7 30. Re3 Nh5 31. Be2 Ng7 32. h4 Qf7 33. Rf2 Nh5 34. Qd1 Bc6 35. Bxh5 gxh5 36. Rg2 Kh8 37. Qb3 Rd8 38. Qb4 Qd7 39. Qa5 Rdc8 40. Reg3 Bb7 41. g6 Rc5 42. Qb6 Bc6 43. Rg5 hxg6 44. Rxg6 1-0

[Event "SVK-ch U18"]
[Site "Tatralandia"]
[Date "2015.04.20"]
[Round "4"]
[White "Dudasko, Stefan"]
[Black "Kubik, Jozef"]
[Result "1/2-1/2"]
[WhiteElo "1731"]
[BlackElo "1620"]
[PlyCount "26"]
[EventDate "2015.04.18"]
[EventType "swiss"]
[EventRounds "9"]
[EventCountry "SVK"]
[SourceTitle "CBM 166 Extra"]
[Source "ChessBase"]
[SourceDate "2015.06.18"]
[SourceVersion "1"]
[SourceVersionDate "2015.06.18"]
[SourceQuality "1"]

1. e4 e5 2. Nf3 Nf6 3. d3 Nc6 4. Nc3 h6 5. Be2 Bc5 6. Be3 Bb6 7. Qd2 d6 8. 0-0-0 Be6 9. g3 Ng4 10. Rhf1 Nf6 11. d4 exd4 12. Nxd4 Nxd4 13. Bxd4 Qe7 1/2-1/2

[Event "SVK-ch U18"]
[Site "Tatralandia"]
[Date "2015.04.20"]
[Round "3"]
[White "Jakubik, Matej"]
[Black "Dudasko, Stefan"]
[Result "1/2-1/2"]
[WhiteElo "1733"]
[BlackElo "1731"]
[PlyCount "24"]
[EventDate "2015.04.18"]
[EventType "swiss"]
[EventRounds "9"]
[EventCountry "SVK"]
[SourceTitle "CBM 166 Extra"]
[Source "ChessBase"]
[SourceDate "2015.06.18"]
[SourceVersion "1"]
[SourceVersionDate "2015.06.18"]
[SourceQuality "1"]

1. d4 b6 2. c4 Bb7 3. Nc3 e6 4. Nf3 Nf6 5. g3 Bb4 6. Bg2 0-0 7. 0-0 Re8 8. Qc2 d5 9. cxd5 exd5 10. Bf4 Nc6 11. e3 Bxc3 12. bxc3 Ba6 1/2-1/2

[Event "SVK-ch U16"]
[Site "Stara Lubovna"]
[Date "2014.04.12"]
[Round "9"]
[White "Druska, Robert"]
[Black "Dudasko, Stefan"]
[Result "1-0"]
[WhiteElo "1746"]
[BlackElo "1588"]
[PlyCount "45"]
[EventDate "2014.04.05"]
[EventType "swiss"]
[EventRounds "9"]
[EventCountry "SVK"]
[SourceTitle "EXT 2016"]
[Source "ChessBase"]
[SourceDate "2015.10.08"]
[SourceVersion "1"]
[SourceVersionDate "2015.10.08"]
[SourceQuality "1"]

1. e4 c5 2. Nf3 Nc6 3. d3 d6 4. g3 Nf6 5. Bg2 Bd7 6. 0-0 g6 7. Be3 Bg7 8. Qd2 0-0 9. Bh6 Qb6 10. Bxg7 Kxg7 11. c3 e5 12. Na3 Rac8 13. Nc4 Qc7 14. Ne3 Ne7 15. Nh4 b5 16. f4 exf4 17. Rxf4 Nc6 18. Rxf6 Be6 19. Raf1 a5 20. Nhf5+ gxf5 21. Nxf5+ Kxf6 22. Qh6+ Ke5 23. Nh4 1-0

[Event "SVK-ch U14"]
[Site "Lubovnianske Kupele"]
[Date "2012.03.23"]
[Round "8"]
[White "Dudasko, Stefan"]
[Black "Chovan, Milan"]
[Result "0-1"]
[WhiteElo "1413"]
[BlackElo "1706"]
[PlyCount "58"]
[EventDate "2012.03.17"]
[EventType "swiss"]
[EventRounds "9"]
[EventCountry "SVK"]
[SourceTitle "CBM 147 Extra"]
[Source "ChessBase"]
[SourceDate "2012.04.24"]
[SourceVersion "1"]
[SourceVersionDate "2012.04.24"]
[SourceQuality "1"]

1. e4 e5 2. Nf3 Nc6 3. Bc4 Nf6 4. Nc3 Nxe4 5. Nxe4 d5 6. Bxd5 Qxd5 7. Nc3 Qd8 8. d3 Bg4 9. Be3 Qd7 10. a3 0-0-0 11. Qd2 Bxf3 12. gxf3 Nd4 13. Qd1 Qh3 14. f4 Nf3+ 15. Ke2 exf4 16. Bxf4 Re8+ 17. Be3 Rxe3+ 18. Kxe3 Bc5+ 19. Ke2 Re8+ 20. Ne4 f5 21. b4 fxe4 22. bxc5 exd3+ 23. Kxd3 Rd8+ 24. Ke2 Rxd1 25. Raxd1 Qf5 26. Rd3 Qe4+ 27. Kd1 Ne5 28. Re1 Nxd3 29. Rxe4 Nxf2+ 0-1

[Event "SVK-ch U14"]
[Site "Lubovnianske Kupele"]
[Date "2012.03.19"]
[Round "3"]
[White "Dudasko, Stefan"]
[Black "Kuruc, Michael"]
[Result "1/2-1/2"]
[WhiteElo "1413"]
[BlackElo "1530"]
[PlyCount "90"]
[EventDate "2012.03.17"]
[EventType "swiss"]
[EventRounds "9"]
[EventCountry "SVK"]
[SourceTitle "CBM 147 Extra"]
[Source "ChessBase"]
[SourceDate "2012.04.24"]
[SourceVersion "1"]
[SourceVersionDate "2012.04.24"]
[SourceQuality "1"]

1. e4 e5 2. Nf3 Nc6 3. Bc4 Bc5 4. Nc3 d6 5. d3 h6 6. Be3 Bxe3 7. fxe3 Bg4 8. a3 Nf6 9. Qd2 Bxf3 10. gxf3 Qd7 11. 0-0-0 0-0-0 12. f4 a6 13. f5 g6 14. Rdf1 Rdf8 15. Rf2 Qe7 16. Rhf1 h5 17. Rf3 Nd8 18. h3 c6 19. Qf2 g5 20. Re1 g4 21. hxg4 Nxg4 22. Qd2 f6 23. d4 Nf7 24. d5 c5 25. Be2 Ng5 26. Rg3 Rfg8 27. Reg1 Nf2 28. Bd3 Nfh3 29. Rh1 h4 30. Rgxh3 Nxh3 31. Rxh3 Rg1+ 32. Nd1 Qg7 33. Qh2 Qg4 34. Be2 Qg2 35. Kd2 Qxh2 36. Rxh2 h3 37. Bf3 b5 38. Ke2 a5 39. Kf2 Rg5 40. Nc3 b4 41. axb4 axb4 42. Ne2 Rg7 43. Ng1 Ra7 44. b3 Ra2 45. Bd1 Ra1 1/2-1/2